000 00458nam a22001577a 4500
020 _a8122605907
020 _a9788122605907
082 _a894.812301
_bMAD/JA
100 _aമാധവികുട്ടി
_9240
245 _aജാനുവമ്മ പറഞ്ഞ കഥകൾ
260 _aThrissur
_bCurrent Books
_c2006
650 _aJanuvamma Paranja kathakal
_9241
700 _aMadhavikutty
_9242
700 _aKamala Surayya
_9243
942 _cBK
999 _c14189
_d14189